Argentine dairy products =
| Format: | Book |
|---|---|
| Published: |
Buenos Aires:
Fundation Exportar,
1998.
|
| Subjects: |
| LEADER | 00494cam a2200133 7i4500 | ||
|---|---|---|---|
| 001 | 0000009900 | ||
| 005 | 20010725090000.0 | ||
| 090 | 0 | 0 | |a ARGT 641.37 |b ARG |
| 245 | 0 | 0 | |a Argentine dairy products = |l Productors lacteos de Argentina = |l Productors lacteos de Argentina = |l Produtos lacticinios da Argentina. |
| 260 | 0 | 0 | |a Buenos Aires: |b Fundation Exportar, |c 1998. |
| 300 | # | # | |a [n.p]. |
| 650 | 0 | 0 | |a Dairy products -- |z Argentina |
| 651 | 0 | 0 | |a Argentina |
| 999 | |a 0000011138 |b Book |c Countries |e Business Information Centre | ||